German opera libretti /

Bibliographic Details
Other Authors: Steakley, James D.
Format: Book
Language:English
Published: New York : Continuum, 1995.
Series:German library ; v. 52.
Subjects:

MARC

Tag First Indicator Second Indicator Subfields
LEADER 00000cam a2200000 a 4500
001 in00001237268
005 20151003062356.0
008 940727s1995 nyu 000 0 eng
010 |a  94031993  
020 |a 0826407382 (hardcover : acid-free paper) 
020 |a 0826407390 (paperback : acid-free paper) 
035 |a (OCoLC)30974158 
035 |9 AGS7569AM 
040 |a DLC  |c DLC  |d TXA  |d UtOrBLW 
041 1 |a eng  |h ger 
049 |a TXAM 
050 0 0 |a ML48  |b .G46 1995 
082 0 0 |a 782.1/026/80943  |2 20 
090 |a ML48  |b .G4613 1995 
245 0 0 |a German opera libretti /  |c edited by James Steakley ; foreword by Jost Hermand. 
264 1 |a New York :  |b Continuum,  |c 1995. 
300 |a xiv, 284 pages ;  |c 21 cm. 
336 |a text  |b txt  |2 rdacontent 
337 |a unmediated  |b n  |2 rdamedia 
338 |a volume  |b nc  |2 rdacarrier 
490 1 |a The German library ;  |v v. 52 
500 |a Translated into English. 
505 0 |a The magic flute / Wolfgang Amadeus Mozart ; libretto by Emanuel Schikaneder ; translated by Michael Geliot (lyrics) and Anthony Besch (dialogue) ; adapted by the editor -- Fidelio / Ludwig van Beethoven ; libretto from the French of Jean-Nicolas Bouilly by Joseph Sonnleithner, Stephan von Breuning, and Georg Friedrich Treitschke ; translated by Paul Csonka and Ariane Theslöf (lyrics) and James Steakley (dialogue) -- Parsifal / Richard Wagner ; translated by Andrew Porter -- The rose cavalier / Richard Strauss ; libretto by Hugo von Hofmannsthal ; translated by Alfred Kalisch ; adapted by the editor -- Moses and Aron / Arnold Schönberg ; translated by Allen Forte with revisions by Paul Hamburger ; adapted by the editor. 
650 0 |a Operas  |v Librettos. 
700 1 |a Steakley, James D. 
830 0 |a German library ;  |v v. 52. 
999 |a MARS 
999 f f |s 41459373-2383-3426-9fd3-0e2e2bda5c67  |i 85614e9b-f068-34c6-bc69-8c85fccdef42  |t 0 
952 f f |p ric  |a Texas A&M University  |b Rellis Campus  |c Joint Library Facility  |d Remote Storage  |t 0  |e ML48 .G4613 1995  |h Library of Congress classification  |i unmediated -- volume  |m A14819264969 
998 f f |a ML48 .G4613 1995  |t 0  |l Remote Storage